000 01397nam0a22003491 4500
001 v19\rc\1702044
005 20260608062717.0
035 _a(NLR Aleph) 005230449
090 _a5599681
_c5599681
100 _a20061002d1898 |||y0rusy50 ca
101 0 _arus
102 _aRU
105 _ay z |||a|
135 _acoco 024aaaaa
200 1 _aНаборщица
_eРассказ
_f[Соч.] В.[И.] Немировича-Данченко
210 _aМосква
_cО.Н. Попова
_d1898
215 _a18 с.
_d20
300 _aНа тит. л. номер изд.: № 16
300 _aЭл.копия создана на основе экземпляра РГБ
325 _aКопия доступна в Электрон. б-ке РНБ http://vivaldi.nlr.ru/bx000005484/view
532 1 3 _aНаборщица
700 1 _8rus
_7ca
_aНемирович-Данченко
_bВ. И.
_f1848-1936
_gВасилий Иванович
_3RU\NLR\AUTH\779629
_9119446
801 0 _aRU
_bNLR
_c20061002
_gpsbo
801 0 _aRU
_bRuMoRGB
_c20061002
_2psbo
801 1 _aRU
_bProSoft-M
_c20061002
_2rusmarc
801 2 _aRU
_bNLR
_c20110218
_2rusmarc
852 _aNLR
_j20.98.4.300
942 _cBOOK
980 _aNB
981 3 3 _a(33) Художественная литература
_b(33) Отечественная литература